000 00651nam a22002172 4500
001 0000013225
005 20151217154417.0
008 090706s xx 000 0 eng d
020 _a0521787246 :
040 _aKABU
_cKABU
100 1 _aMcCarthy, Anne.
_@0000170379
245 1 0 _aMethods of analysis and detection /
_cAnne McCarthy.
250 _a1st ed.
260 _aCambridge :
_bC. U. P.,
_c2001.
300 _aiv, 60 p.
650 0 _aSpectrum analysis (Analytical chemistry)
_@0000154135
650 0 _aSpectrum analysis.
_@0000153917
852 1 _9p500 KES
908 _a090706
950 _@1
999 _c11121
_d11121